00222nam a2200085Ia 4500001000800000005001700008008004100025245004300066260002700109125066620251031150900.0251031s9999 xx 000 0 und d 0cSABAHATTİN ALİaD-5 YENİ DÜNYA bYAPI KREDİ YAYINLARI